Triplés ou Doublés au Ballon d'Or par année - Statistiques

Statistiques générales
  • Ce quiz a été pris 183 fois
  • Le résultat moyen est 14 sur 25
Statistiques - réponses
Réponse % Correct
Lionel Messi
99%
Cristiano Ronaldo
98%
Ronaldo
96%
Andrés Iniesta
89%
Luka Modrić
88%
Xavi
88%
Fabio Cannavaro
87%
Michel Platini
80%
Marco van Basten
73%
Gerd Müller
72%
Gianluigi Buffon
71%
Franz Beckenbauer
67%
Ruud Gullit
64%
Roberto Carlos
58%
George Best
43%
Bobby Charlton
42%
Frank Rijkaard
40%
Luigi Riva
39%
Karl-Heinz Rummenigge
38%
Jean Tigana
32%
Franco Baresi
26%
Gianni Rivera
19%
Paul Breitner
7%
Bernd Schuster
5%
Günter Netzer
5%
Aucun quiz correspondant
Distribution des résultats
% des personnes avec chaque résultat
Percentile par nombre de réponses
Votre historique - résultats
Vous n’avez pas pris ce quiz